000 00583nam a2200229Ia 4500
005 20250508165043.0
008 008 250505s9999 xx 000 0 eng d
020 _a81-248-0018-9
037 _aTextual
040 _aFEDL
_beng
_cFEDL
041 _aeng
_2eng
084 _a420, NCE
_qFEDL
245 0 _aEnglish reader. Book 3: For class 8th
245 0 _cNCERT
260 _aNew Delhi, India
_bNCERT
_c1972
300 _a107p.
365 _aINR
_b4.5
490 _aSpeical series
546 _aMACESE
942 _cTEXL
_h420, NCE
999 _c1392863
_d1392863